000 00499nmm a2200157Ia 4500
008 251105s9999||||xx |||||||||||||||||und||
020 _a9789502346786
041 _aspa
100 _aCohen, Michael
245 0 _aLa economía en tiempos de default :
_b Recuperación y crecimiento de la Argentina
264 _a[Buenos Aires, Argentina] :
_bEudeba,
_c2015
300 _a386 páginas
650 _aEconomics and Business
856 _uhttps://public.digitaliapublishing.com/a/128404
942 _cCF
999 _c93350
_d93350